00666nam a2200181Ia 4500001001000000003000500010008004100015010001100056040000900067082001900076100002200095245009300117300000900210440001700219500012800236650006200364710005800426Para_7916CHAP220125s9999 xx 000 0 und d a206596 cCHAP aPA-C 595.75 H4 aHungerford, H. B. aConcerning some aquatic and semioquatic hemiptera from Australia /c by H.B. Hungerford a6 p. aHemiptera; 8 aSobretiro de: Bulletin of the Brooklyn Entomological Society 29 (2): 68-73, 1934. Encuadernado con otros impresos similares ax Hemípteros x colecciones de escritos xHemípteros aBulletin of the Brooklyn Entomological Society 29 (2)